000 00913cam a2200277 4500
008 090401t1995 xxu||||| |||| 00| 0 eng d
020 _a0860174271
035 _a(Sirsi) u57161
041 _aeng
050 _a693.893
110 _aConstruction Industry Research and Information Association
_94810
245 _aWater-resisting basement construction - a guide - safeguarding new and existing basements against water and dampness: summary report: guide to the full report (factors which most influence preliminary appraisal).
260 _aLondon
_bCIRIA
_c1995
300 _a62p. : ill. ; 30cm.
350 _a30
490 _aCIRIA Report
_v140
650 _aBASEMENTS
650 _aDAMP PROOFING
650 _aDAMP
650 _aGROUNDWATER
650 _aWATER PENETRATION
650 _aWATERPROOFING
690 _aBUILT ENVIRONMENT-CONSTRUCTION DESIGN
942 _n0
948 _c04/03/1997
999 _c93900
_d93900